<?xml version="1.0" encoding="UTF-8"?><marc:collection xmlns:marc="http://www.loc.gov/MARC21/slim">
  <marc:record>
    <marc:leader>00000nam##2200000za#4500</marc:leader>
    <marc:controlfield tag="001">9.679852</marc:controlfield>
    <marc:controlfield tag="003">CaOODSP</marc:controlfield>
    <marc:controlfield tag="005">20200330062348</marc:controlfield>
    <marc:controlfield tag="007">ta</marc:controlfield>
    <marc:controlfield tag="008">150407|1996||||xxc|||||     f|0| 0 fre|d</marc:controlfield>
    <marc:datafield tag="020" ind1=" " ind2=" ">
      <marc:subfield code="a">0-662-81442-8</marc:subfield>
    </marc:datafield>
    <marc:datafield tag="040" ind1=" " ind2=" ">
      <marc:subfield code="a">CaOODSP</marc:subfield>
      <marc:subfield code="b">fre</marc:subfield>
    </marc:datafield>
    <marc:datafield tag="043" ind1=" " ind2=" ">
      <marc:subfield code="a">n-cn---</marc:subfield>
    </marc:datafield>
    <marc:datafield tag="086" ind1="1" ind2=" ">
      <marc:subfield code="a">H39-384/1996F</marc:subfield>
    </marc:datafield>
    <marc:datafield tag="110" ind1="1" ind2=" ">
      <marc:subfield code="a">Canada.</marc:subfield>
      <marc:subfield code="b">Santé Canada. </marc:subfield>
      <marc:subfield code="b">Direction générale des services et de la promotion de la santé.</marc:subfield>
    </marc:datafield>
    <marc:datafield tag="245" ind1="1" ind2="0">
      <marc:subfield code="a">Vers des progrès décisifs dans la prévention des blessures : </marc:subfield>
      <marc:subfield code="b">perspective législative sur la prévention des blessures non intentionnelles chez les enfants et les jeunes au Canada / </marc:subfield>
      <marc:subfield code="c">Préparé par Anna Lovasik et Susan MacMillan. Publié par le Programme de prévention des blessures chez les enfants, Unité de la santé de la famille et de l'enfants. </marc:subfield>
    </marc:datafield>
    <marc:datafield tag="260" ind1=" " ind2=" ">
      <marc:subfield code="a">Ottawa - Ontario : </marc:subfield>
      <marc:subfield code="b">Santé Canada. </marc:subfield>
      <marc:subfield code="c">1996.</marc:subfield>
    </marc:datafield>
    <marc:datafield tag="300" ind1=" " ind2=" ">
      <marc:subfield code="a">iv, 89p. : </marc:subfield>
      <marc:subfield code="b">références ; </marc:subfield>
      <marc:subfield code="c">28 cm.</marc:subfield>
    </marc:datafield>
    <marc:datafield tag="500" ind1=" " ind2=" ">
      <marc:subfield code="a">«La partie I décrit la méthodologie de recherche du projet et survole rapidement les progrès décisifs réalisés dans la prévention des blessures pour permettre de mieux comprendre le fondement des récents efforts de prévention et de considérer les leçons qui peuvent en être tirées [...] La partie II identifie la législation fédérale, provinciale, territoriale et municipale qui vise à éliminer les blessures infantiles non intentionnelles au Canada.»--Page 1. N.B.: Le numéro ISBN (0-662-24919-4) imprimé dans cette publication est incorrect.</marc:subfield>
    </marc:datafield>
    <marc:datafield tag="520" ind1="3" ind2=" ">
      <marc:subfield code="a">La partie I décrit la méthodologie de recherche du projet et survole rapidement les progrès décisifs réalisés dans la prévention des blessures pour permettre de mieux comprendre le fondement des récents efforts de prévention et de considérer les leçons qui peuvent en être tirées [...] La partie II identifie la législation fédérale, provinciale, territoriale et municipale qui vise à éliminer les blessures infantiles non intentionnelles au Canada.--Page 1</marc:subfield>
    </marc:datafield>
    <marc:datafield tag="563" ind1=" " ind2=" ">
      <marc:subfield code="a">Reliure à spirale</marc:subfield>
    </marc:datafield>
    <marc:datafield tag="590" ind1=" " ind2=" ">
      <marc:subfield code="a">98-33</marc:subfield>
      <marc:subfield code="b">1998-08-14</marc:subfield>
    </marc:datafield>
    <marc:datafield tag="691" ind1="0" ind2="7">
      <marc:subfield code="a">Sécurité de l'enfant</marc:subfield>
      <marc:subfield code="2">gcpds</marc:subfield>
    </marc:datafield>
    <marc:datafield tag="720" ind1="1" ind2=" ">
      <marc:subfield code="a">Lovasik, Anna</marc:subfield>
    </marc:datafield>
    <marc:datafield tag="720" ind1="1" ind2=" ">
      <marc:subfield code="a">MacMillan, Susan</marc:subfield>
    </marc:datafield>
    <marc:datafield tag="775" ind1="0" ind2="8">
      <marc:subfield code="t">Building toward breakthrough in injury control : </marc:subfield>
      <marc:subfield code="w">(CaOODSP)9.646288</marc:subfield>
    </marc:datafield>
    <marc:datafield tag="776" ind1="0" ind2="#">
      <marc:subfield code="t">Vers des progrès décisifs dans la prévention des blessures : </marc:subfield>
      <marc:subfield code="w">(CaOODSP)9.640478</marc:subfield>
    </marc:datafield>
  </marc:record>
</marc:collection>
